Études littéraires sur les grands classiques latines et extraits empruntés aux meilleures traductions / (Record no. 159497)

MARC details
000 -LEADER
campo de control de longitud fija 00837nam a22001815i 4500
001 - NÚMERO DE CONTROL
campo de control 159497
003 - IDENTIFICADOR DE NÚMERO DE CONTROL
campo de control ES-MaACL
005 - FECHA Y HORA DE LA ÚLTIMA TRANSACCIÓN
campo de control 20230906211630.0
008 - DATOS DE LONGITUD FIJA--INFORMACIÓN GENERAL
campo de control de longitud fija 040910s1900 fr |||| | fre d
040 ## - FUENTE DE CATALOGACIÓN
Centro catalogador/agencia de origen CAM
Lengua de catalogación spa
Centro/agencia transcriptor CAM
100 1# - ENTRADA PRINCIPAL--NOMBRE DE PERSONA
Nombre de persona Merlet, Gustave.
9 (RLIN) 129860
245 10 - MENCIÓN DEL TÍTULO
Título Études littéraires sur les grands classiques latines et extraits empruntés aux meilleures traductions /
Mención de responsabilidad, etc. par Gustave Merlet.
250 ## - MENCION DE EDICION
Mención de edición 5e éd. rev.
260 ## - PUBLICACIÓN, DISTRIBUCIÓN, ETC.
Lugar de publicación, distribución, etc. Paris :
Nombre del editor, distribuidor, etc. librairie Hachette et Cie.,
Fecha de publicación, distribución, etc. 1900 (
Fabricante Imprimerie Lahure)
300 ## - DESCRIPCIÓN FÍSICA
Extensión XVI, 594 p. ;
Dimensiones 19 cm.
650 04 - PUNTO DE ACCESO ADICIONAL DE MATERIA--TÉRMINO DE MATERIA
Término de materia o nombre geográfico como elemento de entrada Escritores latinos-
Subdivisión general Crítica e interpretación.
9 (RLIN) 136029
852 ## - LOCALIZACIÓN
Ubicación ES-MaACL
Número de control de estantería F-11237
Nota libre -- Rúst.
-- -- Enc. al final de la obra: "Notice de livres classiques a l'usage de l'enseignement secondaire et de l'enseignement supérieur" de la librería Hachette et Cie, 1906
Holdings
Estatus retirado Estado de pérdida Estado de daño No para préstamo Colección Biblioteca de origen Biblioteca actual Ubicación en estantería Fecha de adquisición Fuente de adquisición Total de préstamos Signatura topográfica completa Código de barras Visto por última vez Precio de reemplazo Tipo de ítem Koha
        Libros del s. XIX Biblioteca del Ateneo de Madrid Biblioteca del Ateneo de Madrid Sala Pecera Planta 2 17/01/2008     F-11237 1166973 23/02/2023 23/02/2023 Libro impreso antiguo